000 00579nam#a2200229#c#4500
003 IEF
005 20180219162130.0
008 941031s1986 uuu####fr####| 0||u| |u
020 _a2130307093
040 _aIEF
100 1 _aVallée, Charles
_944639
245 _aLe droit des Communautés européennes
250 _a2a. ed. corr.
260 _aParís
_b P.U.F.
_c1986
300 _a127 p.
_c 18 cm.
500 _aBibliografía
490 _aPUF. Que sais-je? ; 2067
650 4 _aDERECHO COMUNITARIO EUROPEO
_941975
942 _cLIB
942 _z6202
999 _c70583
_d70583